Discrete Mathematics (Record no. 7874)

MARC details
000 -LEADER
fixed length control field 00313nam a2200133Ia 4500
008 - FIXED-LENGTH DATA ELEMENTS--GENERAL INFORMATION
fixed length control field 191201s2002 xx 000 0 und d
082 ## - DEWEY DECIMAL CLASSIFICATION NUMBER
Classification number 510
Item number NID
100 ## - MAIN ENTRY--PERSONAL NAME
Personal name NICODEMI,Olympia
245 #0 - TITLE STATEMENT
Title Discrete Mathematics
250 ## - EDITION STATEMENT
Edition statement Rep
260 ## - PUBLICATION, DISTRIBUTION, ETC. (IMPRINT)
Date of publication, distribution, etc 2002
Name of publisher, distributor, etc CBS Publishers
Place of publication, distribution, etc NEW DELHI
300 ## - PHYSICAL DESCRIPTION
Extent 491
942 ## - ADDED ENTRY ELEMENTS (KOHA)
Source of classification or shelving scheme Dewey Decimal Classification
Koha item type Text Books
Holdings
Withdrawn status Lost status Source of classification or shelving scheme Damaged status Not for loan Collection code Home library Current library Date acquired Source of acquisition Cost, normal purchase price Bill Number Total Checkouts Full call number Acc. no. / Barcode Date last seen Date last borrowed Actual Cost, discounted price Bill Date Koha item type Checked out
    Dewey Decimal Classification     BCA PIET C-LIBRARY PIET C-LIBRARY 26/09/2013 IBH, New Delhi 250.00 11979 6 510 NID BC722 13/05/2024 03/05/2024 163.20 26/09/2013 Text Books  
    Dewey Decimal Classification     BCA PIET C-LIBRARY PIET C-LIBRARY 26/09/2013 IBH, New Delhi 250.00 11979 7 510 NID BC723 22/05/2025 22/05/2025 163.20 26/09/2013 Text Books 05/06/2025
    Dewey Decimal Classification     BCA PIET C-LIBRARY PIET C-LIBRARY 26/09/2013 IBH, New Delhi 250.00 11979 2 510 NID BC724 11/05/2023 21/04/2023 163.20 26/09/2013 Text Books  

Design & Developed by: PIET Central Library
R70 Miles Stone Pattikalyana Samalkha Panipat 132102
mail ID :- [email protected], Phone No:- 0180-2569700 Ex.216